Bharat main angrezi raj aur marxwaad (Record no. 440617)

000 -LEADER
fixed length control field 00320cam a22001097a 4500
008 - FIXED-LENGTH DATA ELEMENTS--GENERAL INFORMATION
fixed length control field 180718b1982 xxu||||| |||| 00| 0 eng d
082 ## - DEWEY DECIMAL CLASSIFICATION NUMBER
Classification number B235x54 Sh23/2
100 ## - MAIN ENTRY--PERSONAL NAME
Personal name Sharma, Rambilas
245 ## - TITLE STATEMENT
Title Bharat main angrezi raj aur marxwaad
Statement of responsibility, etc. by Rambilas Sharma
260 ## - PUBLICATION, DISTRIBUTION, ETC.
Place of publication, distribution, etc. New delhi
Name of publisher, distributor, etc. Rajkamal Prakashan
Date of publication, distribution, etc. 1982
300 ## - PHYSICAL DESCRIPTION
Extent 583p.
Holdings
Withdrawn status Lost status Damaged status Not for loan Permanent Location Current Location Date acquired Full call number Barcode Date last seen Price effective from Koha item type
        Indian Institute of Public Administration Indian Institute of Public Administration 2010-05-22 B235x54 Sh23/2 64944 2018-07-21 2018-07-21 Book

Powered by Koha